1727 1327 1851 1652 1142 1068 1418 1402 1350 1171 1849 1102 1153 1733 1757 1379 1487 1625 1054 1538 1259 1228 1852 1839 1265 1569 1011 1682 1334 1271 1342 1574 1358 1166 1475 1609 1311 1411 1466 1365 1260 1847 1605 1437 1944 1030 1359 1114 1802 1128 1985 1011 1573 1458 1672 1772 1757 1203 1146 1301 1349 1375 1936 1424 1770 1014 1289 1048 1448 1903 1329 1051 1291 1447 1897 1528 1079 1953 1393 1752 1930 1917 1792 1082 1472 1359 1658 1886 1667 1387 1080 1808 1818 1174 1137 1373 1693 1286 1254 BCNSPRNW ULIB Ver.6.0+V

เปลี่ยนเป็นภาษาไทย

Change to English
 แสดงรายละเอียดบรรณานุกรม
  กลับหน้าหลัก

Brief Record : Get Marc (ISO 2709) : E-mail record : QR code < ปิดหน้าต่าง
LEADER : 00000nam 2200000uu 4500
001    13399111558
003     ULIB
008    110701s2550||||th 000 0 tha d
020    9789741105687
050 04 BQ5630^bส266ก 2550
100 0  สมพร กันทรดุษฎี-เตรียมชัยศรี
245 10 การปฏิบัติสมาธิเพื่อการเยียวยาสุขภาพ /^cสมพร กันทรดุษฎี-เตรียมชัยศรี
250    พิมพ์ครั้งที่ 8
260    กรุงเทพฯ :^bภาควิชาการพยาบาลสาธารณสุข คณะสาธารณสุขศาสตร์มหาวิทยาลัยมหิดล,^c2551
300    78 หน้า :^bภาพประกอบ ;^c21 ซม.
440  0 ชุดตำราการดูแลสุขภาพทางเลือกและการเยียวยาผสมผสานทางการพยาบาลและการพยาบาลสาธารณสุข
536    สนับสนุนโดย สำนักการแพทย์ทางเลือกกรมพัฒนาการแพทย์แผนไทยและการแพทย์ทางเลือก กระทรวงสาธารณสุข
650  7 การแพทย์ทางเลือก
650  7 สมาธิ^xแง่การแพทย์
710 2  มหาวิทยาลัยมหิดล. ^bคณะสาธารณสุขศาสตร์.^bภาควิชาการพยาบาลสาธารณสุข
710 2  กรมพัฒนาการแพทย์แผนไทยและการแพทย์ทางเลือก.^bสำนักการแพทย์ทางเลือก
945    ^p90^l0^i025169
945    ^p90^l0^i022110
945    ^p90^l0^i022109
995    ทศพร
999 ^a ใช้งานได้ทุกระบบ
รายการนี้ยังไม่มีแท็ก
คุณยังไม่ได้ล็อกอิน คุณสามารถมีกิจกรรมร่วมกับเว็บไซต์ได้ แต่ต้องล็อกอินก่อน ::
  ล็อกอิน

รายการสื่อสารสนเทศ

ลำดับที่ ประเภท เลขเรียก/บาร์โค้ด สถานที่ สถานะ
- ไม่พบข้อมูล -

รายการใกล้เคียง
    ผู้แต่ง [สมพร กันทรดุษฎี-เตรียมชัยศรี]

    หัวเรื่อง [การแพทย์ทางเลือก]

BibComment


ยังไม่เคยถูกคอมเมนท์

คอมเมนท์ทรัพยากรรายการนี้
  คอมเมนท์: การปฏิบัติสมาธิเพ..


 Copyright 2026. Bcnsprnw @Library